Manos de Póker - Estadísticas

Estadísticas generales
  • Esta prueba ha sido intentada 37 veces
  • La puntuación promedio es 9 de 10
Estadísticas de respuestas
Respuesta % Correcto
Color
94%
Escalera
94%
Full
94%
Póker
94%
Pareja
91%
Trío
91%
Escalera real
85%
Doble pareja
82%
Escalera de color
82%
Carta alta
76%
No se encontraron pruebas coincidentes
Distribución de puntuación
Porcentaje de gente con cada puntuación
Porcentaje por número respondido
Historial de tus puntuaciones
No has intentado esta prueba.